The organization mad (Record no. 37450)

MARC details
000 -LEADER
fixed length control field 00265nam a2200109Ia 4500
082 ## - DEWEY DECIMAL CLASSIFICATION NUMBER
Classification number 82-7
Item number FEL
245 #4 - TITLE STATEMENT
Title The organization mad
260 ## - PUBLICATION, DISTRIBUTION, ETC. (IMPRINT)
Place of publication New York
Name of publisher Warner
Year of publication 1979
700 ## - ADDED ENTRY--PERSONAL NAME
Personal name Feldstein, Albert B
942 ## - ADDED ENTRY ELEMENTS (KOHA)
Koha item type Books
Holdings
Withdrawn status Lost status Damaged status Not for loan Home library Current library Date acquired Full call number Accession Number Koha item type
        RRII Library RRII Library 16/12/2021 82-7 FEL 17833 Books